Statistics for Founder Members of the English Football League

Click here to take the quiz!

General Stats

  • This quiz has been taken 476 times
  • The average score is 8 of 12

Answer Stats

Clubs% Correct
Everton
80%
Aston Villa
77%
Preston North End
72%
Blackburn Rovers
66%
Burnley
64%
Notts County
63%
Wolverhampton Wanderers
63%
Bolton Wanderers
59%
Derby County
57%
West Bromwich Albion
55%
Accrington
53%
Stoke
49%

Score Distribution

Percentile by Number Answered

Percent of People with Each Score

Your Score History

You have not taken this quiz